00662nam a2200181 i 450000100060000000300090000600500170001500700030003200800410003510000220007624501060009826000340020430000380023870000290027685200320030599900170033795201260035475642ES-MaACL20230906172531.0t|040927s1960 sp ||||1| spa d1 aGruber, B.96022614aLas siete fórmulas básicas de la electricidad / cB. Gruber ; [traducción por Luis Ibáñez]. aBarcelona : bOmega, c[1960] aXLVIII, 304 p. : bil. ; c16 cm.1 aIbáñez, Luis.964909 aES-MaACLjC-18122 bR.45758 c75642d75642 00104070aATENEOMbATENEOMcGaleríad2008-01-17eSCl0oC-18122p1079171r2023-02-23 00:00:00w2023-02-23yMONOGRAFIA